000 00788cab a2200241 4500
001 WB3418-15
008 090401t1998 xxu||||| |||| 00| 0 eng d
035 _a(Sirsi) u86126
041 _aeng
245 _aGreen power
260 _c1998
350 _a0
490 _aIndependent
_v10 May 1998, 10(2)
520 _aFrom September 1998, 25 million domestic customers will be able to choose their electricity suppliers. However, those customers choosing to environmentally-friendly sources will have to pay about 10% extra.
650 _aELECTRICITY GENERATION
650 _aELECTRICITY SUPPLY
650 _aENERGY SOURCES
650 _aGREEN POWER
650 _aRENEWABLE ENERGY
690 _aENVIRONMENTAL AND LAND CONSULTANCY-ENERGY
942 _n0
948 _c12/05/1998
999 _c54180
_d54180